000
00211nam a22000857a 4500
008
160818b xxu||||| |||| 00| 0 eng d
100
_9
170
_a
CBSE
245
_a
Information Practices-XI
260
_a
New Delhi
_b
CBSE
_c
2010
999
_c
2828
_d
2828